| 000 | 00890nam a2200241 a 4500 | ||
|---|---|---|---|
| 003 | SISC | ||
| 005 | 20161108165716.0 | ||
| 008 | 121023s19uu xx 00 eng d | ||
| 020 | _a9781469891439 | ||
| 050 |
_aRT 48 _b.W373 2014 |
||
| 100 | _aWeber, Janet R. | ||
| 245 |
_aLab manual for health assessment in nursing / _cJanet Weber, Jane H. Kelly, Ann D. Sprengel. |
||
| 250 | _a5th edition. Philippine ed. | ||
| 260 |
_aNew York, United States : _bWolter Kluwer / Lippincott Williams & Wilkins, _c2014. |
||
| 300 |
_av, 286 pages : _billustrations ; _c25 cm. |
||
| 500 | _aIncludes appendix. | ||
| 520 | _aAn introductory level health assessment text for RN-level students. It presumes no prior knowledge of health assessment | ||
| 650 | _aNursing assessment | ||
| 650 |
_aNursing assessment _xMethods |
||
| 700 | _aKelly, Jane H. | ||
| 942 |
_cBK _2lcc _kFOR |
||
| 999 |
_c305194 _d305194 |
||